Rhyming Celebrities II Quiz Stats

Quiz not verified by Sporcle

Challenge
Share
Tweet
Embed
Score 0/45 Timer 09:00
0 Plays Today
Set # Celebrities % Correct
1Katy Perry
85.5%
1Halle Berry
66.7%
2Ryan Seacrest
64.9%
1Drew Carey
64.5%
4Stephen King
58.3%
6Neil Patrick Harris
57%
1John Kerry
56.1%
2Kanye West
56.1%
5Wilbur Wright
53.9%
5Betty White
50.4%
9Gabrielle 'Coco' Chanel
50%
3John McCain
49.6%
9Alfred Nobel
47.8%
8Bill Murray
47.4%
3John Wayne
46.9%
9Howie Mandel
46.5%
12David Schwimmer
46.1%
14John Stamos
43.9%
4Tonya Harding
41.2%
3Michael Caine
40.8%
6Anna Faris
40.4%
7Rainn Wilson
34.6%
3Shirley MacLaine
33.8%
Set # Celebrities % Correct
5Nancy Cartwright
32%
6Roger Maris
32%
16Tori Spelling
29.4%
10Tia Mowry
28.9%
2Ron Artest
24.6%
7Rachel Bilson
24.1%
12Hans Zimmer
24.1%
11John Krasinski
22.8%
16Tom Welling
22.4%
2Christopher Guest
21.9%
10Lois Lowry
19.7%
5T.R. Knight
19.3%
4Ian Ziering
18.9%
13Toby Keith
17.5%
13Cory Monteith
17.1%
7Keri Hilson
16.7%
8Adrianne Curry
15.8%
14Tori Amos
14.5%
11Tara Lipinski
12.7%
8Marc-Andre Fleury
12.3%
4Tim Kring
8.8%
10Vecepia Towery
2.6%

You're not logged in!

Compare scores with friends on all Sporcle quizzes.
Sign Up with Email
OR
Log In

You Might Also Like...

Show Comments

Extras

Top Quizzes Today


Score Distribution

Your Account Isn't Verified!

In order to create a playlist on Sporcle, you need to verify the email address you used during registration. Go to your Sporcle Settings to finish the process.

Report this User

Report this user for behavior that violates our Community Guidelines.

Details: